| 000 | 00881nam a2200217Ia 4500 | ||
|---|---|---|---|
| 999 |
_c53891 _d53891 |
||
| 001 | 20942 | ||
| 003 | GE_BSU | ||
| 005 | 20221108165307.0 | ||
| 008 | 181216s2016||||us |||||||||||||| ||eng|| | ||
| 020 | _a9781617052620x | ||
| 040 | _cGE_BSU | ||
| 080 | _a616.075 C-61 | ||
| 245 |
_aClinical Diagnostic Tests : _bHow To Avoid Errors In Ordering Tests And Interpreting Results / _cEdited by Michael Laposata, MD, PhD, Professor and Chair, Department of Pathology, University of Texas Medical Branch-Galveston, Galveston, Texas. |
||
| 264 |
_aNew York : _bDemos Medical Publishing, _c2016. |
||
| 300 |
_ax, 299 p. ; _c18 cm. |
||
| 541 | _h102 Gel. | ||
| 653 | _aმედიცინა | ||
| 653 | _aკლინიკური ლაბორატორიული ტექნიკა | ||
| 700 |
_4Laposata, Michael _eრედაქტორი _912157 |
||
| 942 |
_cBK _2udc |
||